Congreso Internacional sobre la Paz /

Kaydedildi:
Detaylı Bibliyografya
Materyal Türü: Kitap
Dil:İspanyolca
Baskı/Yayın Bilgisi: México : UNAM, 1987
Konular:
Etiketler: Etiketle
Etiket eklenmemiş, İlk siz ekleyin!

MARC

LEADER 00000nam^a2200000^a^4500
001 000021554
005 20250521000000.0
009 20260310084422.018
020 |a 968-36-0231-2 
037 |a Acervo ITESO - Biblioteca 
041 |a ESP 
082 |a 341. 73  |b CON 
245 1 0 |a Congreso Internacional sobre la Paz / 
264 1 |a México :  |b UNAM,  |c 1987 
300 |a 2 v. 
336 |a texto  |b txt  |2 rdacontenido 
337 |a sin mediación  |b n  |2 rdamedio 
338 |a volumen  |b nc  |2 rdasoporte 
649 |a XX 
650 |a Año Internacional de la Paz 
650 |a Guerra y Paz 
650 |a Derecho Internacional Público 
650 |a Política Internacional 
910 |a Fondo General 
920 |a Impresos - Libros 
930 |a Colección General 
905 |a 101 
901 |a 0215540100  |b IT1  |c ACC  |i 021554  |u 20250521 
902 |a https://opac.biblio.iteso.mx/vufind/Record/000021554